000 00906nam a22003017a 4500
003 IBSLLIB
005 20260512081441.0
008 260512b |||||||| |||| 00| 0 eng d
020 _a0024053511
040 _aIBSLLIB
_beng
041 _hEng
082 _a337
_bSAL
100 _aSalvatore , Dominick
245 _aEnternational Economics
250 _a4th ed.
260 _aNew York :
_bMacmillan ,
_c1990
300 _a126 p ;
_c24 cm
505 _aInternational trade theory
505 _aInternational trade policy
505 _aForeign exchange markets, exchange rates and the balance of payments
505 _aOpen economy macroeconomics Adjustment in the balance of payments and domestic stability
650 _aSocial science
650 _aEconomics
650 _aInternational economics
653 _aInternational trade
653 _aEconomics
942 _cLBK
999 _c22111
_d22111